LIBRARY & INFORMATION CENTRE, KCAET, TAVANUR

ONLINE PUBLIC ACCESS CATALOGUE (OPAC)

Methods for calibration of sprayers,IS:11429-1985 (Record no. 4534)

MARC details
000 -LEADER
fixed length control field 00378cam a2200145ua 4500
041 ## - LANGUAGE CODE
Language code of text/sound track or separate title eng
082 ## - DEWEY DECIMAL CLASSIFICATION NUMBER
Classification number 631.3473
Item number IND/ME
100 ## - MAIN ENTRY--AUTHOR NAME
Personal name Indian Standard Institution, .
245 00 - TITLE STATEMENT
Title Methods for calibration of sprayers,IS:11429-1985
260 ## - PUBLICATION, DISTRIBUTION, ETC. (IMPRINT)
Place of publication New Delhi :
Name of publisher Indian Standards Institution ,
Year of publication 1986.
300 ## - PHYSICAL DESCRIPTION
Number of Pages 8 ; .
942 ## - ADDED ENTRY ELEMENTS (KOHA)
Koha item type Books
Holdings
Withdrawn status Lost status Damaged status Home library Current library Date acquired Full call number Accession Number Koha item type
      KAUAET KAUAET 08/03/1990 631.3473 IND/ME 16615 Books
free website counter